000 00706nam a22002292 4500
001 0000020562
005 20151021151139.0
008 110922s xx 000 0 eng d
020 _a1412945660 :
040 _aKABU
_cKABU
100 1 _aGibson, William J.
_@0000180957
245 1 0 _aWorking with qualitative data /
_cWilliam J. Gibson and Andrew Brown.
250 _a1st ed.
260 _aLondon :
_bSAGE,
_c2009.
300 _a222 p.
650 0 _aQualitative research.
_@0000158744
650 0 _aSocial sciences
_xResearch.
_@0000148151
700 1 _aBrown, Andrew.
_@0000180958
852 1 _9p3315.45 KES
908 _a110922
950 _@1
999 _c1201
_d1201